Top 15 dei paesi con decessi Covid-19 - 2 luglio - Statistics

Statistiche generali
  • Questo quiz è stato fatto 3 volte
  • Il punteggio medio è 9 su 20
Statistiche sulle risposte
nazione % Corretto
Germania
100%
Italia
100%
Russia
100%
Spagna
100%
Brasile
67%
Canada
67%
Francia
67%
Regno Unito
67%
Stati Uniti
67%
Svezia
67%
Cile
33%
Messico
33%
Perù
33%
Belgio
0%
Ecuador
0%
India
0%
Iran
0%
Irlanda
0%
Paesi Bassi
0%
Svizzera
0%
Nessun quiz corrispondente trovato
Distribuzione punteggi
Percentuale di utenti per punteggio
Percentile per numero di risposta
I tuoi punteggi nel tempo
Non hai fatto questo quiz